Quizzes
Events
Quiz Creation
Community
Videos
Private Events
Remove Ads
Sign In
Join for FREE
Feedback
Dark Mode
Quiz Categories
Sports
Geography
Music
Movies
Television
Just For Fun
Miscellaneous
History
Literature
Language
Science
Gaming
Entertainment
Religion
Holiday
For Kids
Quiz Lab
Recent
Popular Today
Quiz Kudos Today
Editor Picks
Curator Picks
Quizzes by...
Day
Popularity
Type
Ratings
Length
Year
Community
Subscriptions
Recent Discussions
Orange Saloon
Badges
Playlists
Quests
Create
Leaderboards
Showdown
Live 5
Trivia Bingo
Activity
Puzzle Library
Sporcle Events
Private Events
Virtual Trivia
Globe League
Become a Host
Pub Owners
SporcleCon
Opinionation
Our Games
Videos
Blog
Mobile Apps
Partnerships
Remove Ads and Go Orange
Feedback
Sports
Athletes
MLB
NBA
NHL
NFL
Soccer
Sports Teams
WWE
NCAA
Football
Premier League
Basketball
Baseball
Hockey
Golf
Tennis
Cricket
Rugby
Auto Racing
Olympics
World Cup
Sports
Athletes
MLB
NBA
NHL
NFL
Soccer
Sports Teams
WWE
NCAA
Football
Premier League
Basketball
Baseball
Hockey
Golf
Tennis
Cricket
Rugby
Auto Racing
Olympics
World Cup
Random Quiz
Search Sporcle
×
Quiz Lab
Quiz Lab
Sports
Football
Type in answers that appear in a list
Type in answers that appear in a list
Classic
Best Score? Go Orange.
Sports Abbreviations and Scrabble Stats
Can you name the sports team abbreviations that are also scrabble words?
By
yawetag
10m
48 Questions
70 Plays
70 Plays
70 Plays
Comments
Comments
Give Quiz Kudos
Give Quiz Kudos
-
- Ratings
hide this ad
More Info
Replay
Link that replays current quiz
Next Quiz
Link to next quiz in quiz playlist
You Got
0%
They Got
Avg Score
61%
Avg Friend Score
Upgrade to see
Score Distribution
Jump to the score distribution portion of the page
Score
0/48
Timer
10:00
0
Plays Today
League
Team (Abbv or Name)
% Correct
NFL -
National Football League
PHI - Philadelphia Eagles
82.9%
NBA -
National Basketball Association
PHI - Philadelphia 76ers
82.9%
NHL -
National Hockey League
PHI - Philadelphia Flyers
82.9%
MLB -
Major League Baseball
PHI - Philadelphia Phillies
82.9%
NFL -
National Football League
CAR - Carolina Panthers
81.4%
NHL -
National Hockey League
CAR - Carolina Hurricans
81.4%
NFL -
National Football League
SEA - Seattle Seahawks
80%
MLB -
Major League Baseball
SEA - Seattle Mariners
80%
NFL -
National Football League
NO - New Orleans Saints
78.6%
NFL -
National Football League
CHI - Chicago Bears
74.3%
NBA -
National Basketball Association
CHI - Chicago Bulls
74.3%
NHL -
National Hockey League
CHI - Chicago Blackhawks
74.3%
MLB -
Major League Baseball
LA - Los Angeles Dodgers
72.9%
NFL -
National Football League
NE - New England Patriots
70%
NFL -
National Football League
PIT - Pittsburgh Steelers
70%
NHL -
National Hockey League
PIT - Pittsburgh Penguins
70%
MLB -
Major League Baseball
PIT - Pittsburgh Pirates
70%
NFL -
National Football League
BAL - Baltimore Ravens
68.6%
NFL -
National Football League
TEN - Tennessee Titans
68.6%
MLB -
Major League Baseball
BAL - Baltimore Orioles
68.6%
NFL -
National Football League
DEN - Denver Broncos
65.7%
NFL -
National Football League
OAK - Oakland Raiders
65.7%
NBA -
National Basketball Association
DEN - Denver Nuggets
65.7%
MLB -
Major League Baseball
OAK - Oakland Athletics
65.7%
League
Team (Abbv or Name)
% Correct
NBA -
National Basketball Association
BOS - Boston Celtics
61.4%
NHL -
National Hockey League
BOS - Boston Bruins
61.4%
MLB -
Major League Baseball
BOS - Boston Red Sox
61.4%
NFL -
National Football League
DAL - Dallas Cowboys
60%
NFL -
National Football League
WAS - Washington Redskins
60%
NBA -
National Basketball Association
WAS - Washington Wizards
60%
NBA -
National Basketball Association
DAL - Dallas Mavericks
60%
NHL -
National Hockey League
DAL - Dallas Stars
60%
MLB -
Major League Baseball
WAS - Washington Nationals
60%
NBA -
National Basketball Association
TOR - Toronto Raptors
55.7%
NHL -
National Hockey League
TOR - Toronto Maple Leafs
55.7%
MLB -
Major League Baseball
TOR - Toronto Blue Jays
55.7%
NBA -
National Basketball Association
MIL - Milwaukee Bucks
50%
NHL -
National Hockey League
COL - Colorado Avalanche
50%
MLB -
Major League Baseball
MIL - Milwaukee Brewers
50%
MLB -
Major League Baseball
COL - Colorado Rockies
50%
NBA -
National Basketball Association
SAC - Sacramento Kings
47.1%
NHL -
National Hockey League
VAN - Vancouver Canucks
40%
NBA -
National Basketball Association
MEM - Memphis Grizzlies
32.9%
NBA -
National Basketball Association
UTA - Utah Jazz
30%
NBA -
National Basketball Association
LAC - Los Angeles Clippers
27.1%
NHL -
National Hockey League
ANA - Anaheim Ducks
24.3%
MLB -
Major League Baseball
ANA - Anaheim (Los Angeles) Angels
24.3%
NBA -
National Basketball Association
NOH - New Orleans Hornets
14.3%
Quiz Playlist
Details
Report
Send in Message
Add To Playlist
More Info:
The definition has been given, along with the Scrabble points in brackets. Abbreviations taken from league's respective websites.
Classic:
Type in answers that appear in a list
Quiz Source
Last Updated: Feb 16, 2017
Quiz Scoreboard
CHALLENGE
Sign Up to Join the Scoreboard
Show All
Scores
Hide
Comments
May contain spoilers
Recently Published
NBA Finals Game Top Scorers (2010s)
by flibbidy
Sports
5m
Guess the 'R' Things in 3 Words
by MSUKent
Miscellaneous
3m
Actor to Badly Drawn Movie III
by MoMosMoProblems
Movies
5m
More to Explore
Quiz From the Vault
Featured Blog Post
Where Does Lost Luggage Go?
hide this ad
You Might Also Like...
Tags
Baseball Quiz
Basketball Quiz
Football Quiz
Hockey Quiz
Scrabble
Today's Top Quizzes in Sports
Browse Sports
hide this ad
Today's Top Quizzes in Football
Browse Football
Top Contributed Quizzes in Sports
1
Les joueurs à 100 buts en Ligue 1 Uber Eats
2
2022 World Cup Stars
3
2024 March Madness Bracket
4
Millionaire: NBA Finals Edition
5
Players with Multiple 50 Home Run Seasons
6
Nickname Match: Athletes VI
7
Criteria MLB: Left Handed Sluggers
8
Iconic Moments in Football - Multiple Choice
9
NFL MVPs ordered
10
First NBA MVP by Team
Explore More
Trending Topics
Crossword
Marvel
Disney
NBA
Anime
Kpop
Harry Potter
WWE
NFL
Pokémon
The Office
Song
Puzzle
Soccer
Country
hide this ad
More By:
yawetag
Quiz
Plays
Rating
Category
Featured
Created
Largest College Endowments per Student
106
Miscellaneous
Jun 6, 2015
Sports Abbreviations and Scrabble
70
2.60
Sports
Apr 7, 2011
Official Baseball Rules Chapters
61
5.00
Sports
Dec 31, 2013
Person, Woman, Man, Camera, TV
46
5.00
Just For Fun
Jul 24, 2020
Van Helsing Actors
40
4.00
Movies
Jul 25, 2015
Go to Creator's Profile
Score Distribution
Quiz Creator Spotlight
yawetag
Follow
Send a Message
Quizzes Created
-
Created Quiz Play Count
-
More By This Creator
Popular Quizzes Today
1
Find the US States - No Outlines Minefield
2
Find the US States
3
The Countries of the World
4
10 Largest US States in Order
5
Find the Countries of Europe - No Outlines Minefield
6
US States
7
Guess the 'R' Things in 3 Words
8
NBA Finals Game Top Scorers (2010s)
More Sports Quizzes
Top 3 heisman trophy finalists 1980-2010
Curator's Pick
Trending Quizzes
First Name TV: Leading Men
Match the Book to the Film II
3-Word Movies in 1 Word II
First Name TV: Leading Women Drama
Match the Book to the Film VI
Recently Updated
Women's Final Four Teams by Year
bhenderson79
Presidents Quartet II
eogle
Anything But Clue(do)
eogle
Anything But Oceanian Capitals
eogle
Anything But 7
eogle
Anything But Thing
eogle
Word Ladder: February 29
pecheneg
Song Title Questions
pecheneg
Women's NCAA Tournament #1 Seeds
pecheneg
Celebrity Mug Shots
pecheneg
Trending Topics
Kpop
Marvel
Anime
Harry Potter
NBA
Disney
Crossword
Song
Country
The Office
WWE
Soccer
Puzzle
Pokémon
NFL
Your Account Isn't Verified!
In order to create a playlist on Sporcle, you need to verify the email address you used during registration. Go to your
Sporcle Settings
to finish the process.
Report this User
Report this user for behavior that violates our
Community Guidelines
.
Details:
Send Report
Go to the Sporcle.com Mobile Site →
Comments